000 00641nam a22002057a 4500
005 20251108171942.0
008 250721s2001 xx 000 0 ara d
082 1 4 _a155.418/صفد
100 1 _aالصفدي، عصام
245 1 0 _aالعلوم السلوكية و الإجتماعية و التربية الصحية /
264 1 _aعمان :
_bدار المسيرة للنشر،
_c2001.
300 _a200ص
650 1 7 _aعلم النفس
650 1 7 _aالسلوك
650 1 7 _aالتربية الصحية
700 1 _aأبو حويج، مروان
700 1 _aالعمد، عادل
942 _2ddc
_cBK
999 _c66761
_d66761